Le Capitalisme (Record no. 38534)

MARC details
000 -LEADER
fixed length control field 00682 a2200277 4500
003 - CONTROL NUMBER IDENTIFIER
control field 0
005 - DATE AND TIME OF LATEST TRANSACTION
control field 20160609161145.0
008 - FIXED-LENGTH DATA ELEMENTS--GENERAL INFORMATION
fixed length control field 101004t xxu||||| |||| 00| 0 eng d
037 ## - SOURCE OF ACQUISITION
Source of stock number/acquisition 1, Achat
037 ## - SOURCE OF ACQUISITION
Stock number DE 5585
040 ## - SOURCE DU CATALOGAGE
Transcribing agency BUAC
Description conventions BEPAC
100 ## - VEDETTE PRINCIPALE - NOM DE PERSONNE
Personal name Blardone, Gilbert
9 (RLIN) 9423
100 ## - VEDETTE PRINCIPALE - NOM DE PERSONNE
Language of a work Fr
9 (RLIN) 9424
245 ## - TITLE STATEMENT
Title Le Capitalisme
250 ## - EDITION STATEMENT
Edition statement 2è éd.
260 ## - PUBLICATION, DISTRIBUTION, ETC. (IMPRINT)
Place of publication, distribution, etc [Tournai]
260 ## - PUBLICATION, DISTRIBUTION, ETC. (IMPRINT)
Name of publisher, distributor, etc Bloud et Gay
300 ## - PHYSICAL DESCRIPTION
Extent 209 p.
300 ## - PHYSICAL DESCRIPTION
Other physical details 22 cm.
440 ## - SERIES STATEMENT/ADDED ENTRY--TITLE
Title Le Circuit économique
9 (RLIN) 9425
630 ## - SUBJECT ADDED ENTRY--UNIFORM TITLE
Uniform title 33 - Economie. Economie politique
9 (RLIN) 9426
650 ## - SUBJECT ADDED ENTRY--TOPICAL TERM
Topical term or geographic name as entry element 3 - SCIENCES SOCIALES
9 (RLIN) 9427
650 ## - SUBJECT ADDED ENTRY--TOPICAL TERM
Topical term or geographic name as entry element Capitalisme : théorie
9 (RLIN) 9428
942 ## - ADDED ENTRY ELEMENTS (KOHA)
Koha item type Livre
Holdings
Withdrawn status Lost status Damaged status Not for loan Location (home branch) Sublocation or collection (holding branch) Date acquired Koha issues (times borrowed) Koha full call number Koha date last seen Price effective from Koha item type
        Bibliothèque Universitaire Centrale Bibliothèque Universitaire Centrale 28/02/2009   330.148 BLA 28/02/2009 28/02/2009 Livre


© 2008, Bibliothèques de l'Université d'Abomey-Calavi

04 BP 789 Cotonou, Tél. : +229 21 36 01 01, Fax : +229 21 35 06 32

Courriel : bu@bu.uac.bj